000 00646nam a2200241Ia 4500
003 OSt
005 20220927110416.0
006 a|||||r|||| 00| 0
007 ta
008 220926b |||||||| |||| 00| 0 eng d
024 _a55716
037 _cReports
040 _aRTL
_cRTL
_beng
041 _2eng
_aeng
082 _a"X:95.252.N4t, L7"
110 _aUttar Pradesh
_9350962
245 0 _aReport on the activities of government for the ame
490 _v1948
650 _aEmployment and service
700 _aUttar Pradesh
_9350963
942 _h"X:95.252.N4t, L7"
_cCC
999 _c696542
_d696542